000 00306nam a2200121Ia 4500
008 231120s2013 xx 000 0 und d
041 _aeng
082 _a741.2
100 _aRICHARD BOX
245 _aART HANDBOOKS: BASIC DRAWING TECHNIQUES
260 _aSEARCH PRESS
_bSEARCH PRESS
_c2013
300 _aP-48
999 _c933325
_d933325